=LDR 00000nam 2200000 4500 =001 INLIS000000000032393 =005 20200225080618 =035 ##$$a 0010-061300000032393 =008 200225################g##########0#ind## =041 ##$$a ind =082 ##$$a 153.8 =090 ##$$a 153.8, Can m =100 1#$$a Candra, Happy S =245 1#$$a Memang hak-ku untuk menjadi luar biasa /$c Happy S. Tjandra. =260 ##$$a Yogyakarta :$b Gradien Mediatama,$c 2008 =300 ##$$a 144 hlm., : $b ilus. ; $c 17 X 13 cm. =850 ##$$a NBPNMAT =084 ##$$a 153.8 CAN m =250 ##$$a cet.1 =650 #4$$a Motivasi =990 ##$$a 21002187 =990 ##$$a 21002186